000 00647nam a2200241 a 4500
001 nice12345678
003 IN_TiNIC
005 20260116012305.0
008 050524s1987 dela grp 000 0 eng
020 _a8120281
_c100
082 0 0 _a303.623
_bENG2
100 _aEngineer, Asghar Ali
245 _aDelhi-Meerut Riots, Analysi, Compilation and Documentation
260 _aDelhi
_bAjanta Publications
_c1987
500 _aincludes index and biblioraphy
505 2 _aIndex
650 _aRiots-India-Meerut
650 _aRiots-India-Delhi
700 1 _aEngineer, Asghar Ali
902 _bSRS
942 _cBK
999 _c6417
_d6417